| 000 -LEADER |
| fixed length control field |
00651nam a22001937a 4500 |
| 008 - FIXED-LENGTH DATA ELEMENTS--GENERAL INFORMATION |
| fixed length control field |
151016b xxu||||| |||| 00| 0 eng d |
| 020 ## - INTERNATIONAL STANDARD BOOK NUMBER |
| International Standard Book Number |
9781111398811 |
| 020 ## - INTERNATIONAL STANDARD BOOK NUMBER |
| International Standard Book Number |
111139881X |
| 041 0# - LANGUAGE CODE |
| Language code of text/sound track or separate title |
eng |
| 080 ## - UNIVERSAL DECIMAL CLASSIFICATION NUMBER |
| Universal Decimal Classification number |
330.113 |
| 100 1# - Rafti |
| Rafti |
Miller, Roger LeRoy. |
| 245 10 - TITLE STATEMENT |
| Title |
Business law today : |
| Statement of responsibility, etc |
Roger LeRoy Miller, Institute for University Studies, Arlington, Texas. |
| 250 ## - |
| -- |
10th ed. |
| 260 ## - |
| -- |
Ohio: |
| -- |
Cengage learning; |
| -- |
2010. |
| 300 ## - |
| -- |
xxiv, 734, 71, 16, 8, 31 f: |
| -- |
me il.; |
| -- |
26 cm. |
| 650 #0 - |
| -- |
E drejta biznesore |
| 650 #0 - |
| -- |
Ligjet në ekonomi |
| 942 ## - ADDED ENTRY ELEMENTS (KOHA) |
| Source of classification or shelving scheme |
|
| Item type |
Books |